Music Quiz

Random Music or Classical Quiz

Name That Composer Quiz Stats

 Plays Quiz Updated May 24, 2016

Challenge
Share
Tweet
Score 0/25 Timer 08:00
3 Plays Today
% Correct
Wolfgang Amadeus Mozart
98.5%
Ludwig van Beethoven
76.6%
Johann Sebastian Bach
75%
George Frideric Handel
61.2%
Pyotr Ilyich Tchaikovsky
57%
Franz Schubert
54.5%
Joseph Haydn
53.5%
Richard Wagner
52.1%
Frédéric Chopin
50.7%
Johannes Brahms
42.7%
Antonio Vivaldi
42%
Igor Stravinsky
39.4%
Franz Liszt
39.3%
% Correct
Claude Debussy
37.8%
Edvard Grieg
37.2%
Dmitri Shostakovich
36.5%
Clara Schumann
33.8%
Robert Schumann
32.2%
Antonín Dvořák
31%
Felix Mendelssohn
30.9%
Sergei Rachmaninoff
29.7%
Modest Mussorgsky
25.9%
Hector Berlioz
23.7%
Camille Saint-Saëns
17%
Johann Strauss II
16%

You're not logged in!

Compare scores with friends on all Sporcle quizzes.
OR
Log In

You Might Also Like...

Show Comments

Extras

Top Quizzes Today


Score Distribution

Your Account Isn't Verified!

In order to create a playlist on Sporcle, you need to verify the email address you used during registration. Go to your Sporcle Settings to finish the process.

Report this User

Report this user for behavior that violates our Community Guidelines.

Details: